Math for the automotive trade
The book is hands-on exercises give students the know-how and confidence they need to complete math calculations in the shop by using manufacturer specifications, repair orders, and the professional reference materials included in the book's appendices.
Đã lưu trong:
| 主要作者: | |
|---|---|
| 其他作者: | |
| 格式: | 圖書 |
| 語言: | Vietnamese |
| 出版: |
Boston
Cengage Learning
2018
|
| 版: | 6th ed. |
| 主題: | |
| 標簽: |
添加標簽
沒有標簽, 成為第一個標記此記錄!
|
| Thư viện lưu trữ: | Thư viện Trường Đại học Nam Cần Thơ |
|---|
| LEADER | 01064nam a22002177a 4500 | ||
|---|---|---|---|
| 001 | NCT_65130 | ||
| 008 | 190808b xxu||||| |||| 00| 0 vie d | ||
| 999 | |c 3155 |d 3155 | ||
| 020 | |a 9781337101813 |c 5091000 | ||
| 082 | 0 | 4 | |2 23rd ed. |a 629.287015 |b P485 |
| 100 | 1 | |a Peterson, John C. | |
| 245 | 1 | 0 | |a Math for the automotive trade |c John C. Peterson, William J. deKryger |
| 250 | |a 6th ed. | ||
| 260 | |a Boston |b Cengage Learning |c 2018 | ||
| 300 | |a viii, 343 p. |b ill. |c 28cm | ||
| 520 | 3 | |a The book is hands-on exercises give students the know-how and confidence they need to complete math calculations in the shop by using manufacturer specifications, repair orders, and the professional reference materials included in the book's appendices. | |
| 653 | |a Công nghệ kỹ thuật ô tô | ||
| 700 | 1 | |a DeKryger, William J. | |
| 942 | |2 ddc |c BK | ||
| 952 | |0 0 |1 0 |2 ddc |4 0 |6 629_287015000000000_P485 |7 0 |9 17019 |a 000001 |b 000001 |d 2019-08-08 |o 629.287015 P485 |p MD.16023 |r 2019-08-08 |v 999999.99 |w 2019-08-08 |y BK | ||
| 980 | |a Thư viện Trường Đại học Nam Cần Thơ | ||


